Estructura de la información radiofónica /
Texto sobre periodismo radiofónico, cuyo autor plantea que el periodista debe dar un giro radical en su mentalidad cuando escoge este medio. Para Emilio Prado, este giro está relacionado con las diferencias que la estructura de la información radiofónica tiene respecto a los medios impresos y la nec...
保存先:
| その他の著者: | |
|---|---|
| フォーマット: | 図書 |
| 言語: | スペイン語 |
| 出版事項: |
Barcelona, España :
Editorial ATE,
1981, c1981
|
| シリーズ: | (Textos de Periodismo)
|
| 主題: | |
| タグ: |
タグなし, このレコードへの初めてのタグを付けませんか!
|
MARC
| LEADER | 00000nam^a2200000^a^4500 | ||
|---|---|---|---|
| 001 | 000000441 | ||
| 005 | 20250521000000.0 | ||
| 009 | 20260310083028.068 | ||
| 020 | |a 84-7442-239-6 | ||
| 037 | |a Acervo ITESO - Biblioteca | ||
| 041 | |a ESP | ||
| 082 | |a 302. 231 |b TEX V. 6 | ||
| 240 | 1 | 1 | |a [Textos de periodismo] |
| 245 | 0 | 0 | |a Estructura de la información radiofónica / |c E. Prado. |
| 264 | 4 | |a Barcelona, España : |b Editorial ATE, |c 1981, c1981 | |
| 300 | |a 106 p. | ||
| 336 | |a texto |b txt |2 rdacontenido | ||
| 337 | |a sin mediación |b n |2 rdamedio | ||
| 338 | |a volumen |b nc |2 rdasoporte | ||
| 440 | 1 | |a (Textos de Periodismo) | |
| 520 | |a Texto sobre periodismo radiofónico, cuyo autor plantea que el periodista debe dar un giro radical en su mentalidad cuando escoge este medio. Para Emilio Prado, este giro está relacionado con las diferencias que la estructura de la información radiofónica tiene respecto a los medios impresos y la necesidad de un cambio de actitud vital por parte del comunicador ante las noticias. | ||
| 649 | |a XX | ||
| 650 | |a Estructura (Lenguaje Radiofónico) | ||
| 650 | |a Noticieros | ||
| 650 | |a Géneros Radiofónicos | ||
| 650 | |a Periodismo Radiofónico | ||
| 650 | |a Radio | ||
| 650 | |a Medios de Comunicación | ||
| 650 | |a Comunicación Masiva | ||
| 700 | |a Prado, Emilio |e (autor) | ||
| 910 | |a Fondo General | ||
| 920 | |a Impresos - Libros | ||
| 930 | |a Colección General | ||
| 905 | |a 101 | ||
| 901 | |a 0004410100 |b IT1 |c ACC |i 000441 |u 20250521 | ||
| 902 | |a https://opac.biblio.iteso.mx/vufind/Record/000000441 | ||